00652nam a2200181Ia 4500008004100000082001700041100004300058245003600101260003800137300001300175365002700188366000800215505002000223530000900243620014600252630003600398730003600434100315s9999 xx 000 0 und d b365 a658  a"Finley, Robert E., Ziobro, Henry R. " aThe Manufacturing Man & His Job aMumbai bTARAPOREVALA  c1970  a478p.   eRupees d1 b15.00  f0  gTushar Jadhav  b-   a"The Manufacturing Manager's Skills, Training & Man power Development, Developing & Carrying Out Manufacturing,Related Function & Services " aThe Manufacturing Man & His Job aThe Manufacturing Man & His Job